000 00318nam a2200097Ia 4500
008 221009s9999 xx 000 0 und d
082 _a355
100 _aGuider
_979384
245 0 _aभारतीय नौसेना मैट्रिक रिक्रूट भर्ती परीक्षा 2020
942 _cBK
999 _c65318
_d65318